000 00899nam a22002537a 4500
001 74928
003 UA-OsUOA
005 20230915120130.0
007 ta
008 20110422b un ||||| |||| 00| 0 ukr d
020 _a966-7060-32-2
040 _aUA-OsUOA
_bukr
_cUA-OsUOA
_dUA-OsUOA
041 _aukr
044 _aUA
080 _a908:94(477).092
090 _a908:94(477).092
_bС33
100 _aСергійчук В.
245 _aТрагедія Волині. Причини і перебіг польсько-українського конфлікту в роки Другої світової війни
_cВолодимир Сергійчук ; ред. В. Барташ ; рец. Ю. Сорока
260 _aКиїв
_bПП Сергійчук
_c2009
300 _a200 с.
_bІлюстрації
650 7 _a908 Краєзнавство
_2UDC
942 _cBK
_2udc
955 _a2
999 _c361224
_d361224